| 000 | 01435cam a22001934a 4500 | ||
|---|---|---|---|
| 005 | 20250605164335.0 | ||
| 008 | 250528s ||||||||||||||||||||||||d | ||
| 035 | _a23387 | ||
| 040 |
_aGR-AtMCL _bgre _dGR-AtMCL _eAACR2 |
||
| 245 | 1 | _aPersonal Opinions of Adolescents with Diagnosed Dyslexia Regarding Their Difficulties in Writing Essays, Learning Grammar and Syntax/Dissertatin Submitted to the University of Derby in Partial Fulfillment of the Requirements for th Degree of Master Arts in Education | |
| 260 | _c2018 | ||
| 300 | _a80 | ||
| 520 | _aIntroduction, Literature Review, Definitions of Learning Disabilities, Historical Review of Term ''Dyslexia'', Definitions, The Dyslectic Brain, The Kinds of Dyslexia, Causes of Dyslexia, The Symptomatology, Secondary Education and Dyslexia, Diagnosis, Educational Strategies and Dyslexia, Computer and a Main Tool in Classroom, Roles of Special Educators, The Appropriate Environment, Ancient Greek Language, Dyslexia and Socialization, Method, Procedure, Sampling and Selection, Data Collection, Findings, Difficulty in Spelling, Difficulty to Describe Pictures, Feelings that Arising During the Exercises, Discussion, Understanding the Findings in Relation to the Research Questions, Recommendations, Conclusion, References, Appendices. | ||
| 700 | 1 |
_aCharitou Sofia _98945 |
|
| 700 | 1 |
_aPapadopoulou Aikaterini _98947 |
|
| 942 | _cDS | ||
| 999 |
_c8410 _d8410 |
||